Southville International School and Colleges
Your cart is empty.
  • Cart
  • Lists
    Public lists list_1 View all
    Your lists Log in to create your own lists
  • Log in to your account
  • Your cookies
  • Search history
Southville International School and Colleges
  • Advanced search
  • Recent comments
  • Most popular
  • Libraries

Log in to your account

Log in with GOOGLE


If you do not have an external account, but do have a local account, you can still log in:

  1. Home
  2. MARC view: Adobe Photoshop CS4 on demand /
Normal view MARC view ISBD view

Adobe Photoshop CS4 on demand / (Record no. 39738)

[ view plain ]
MARC details
000 -LEADER
fixed length control field 00537nam a2200193 a 4500
005 - DATE AND TIME OF LATEST TRANSACTION
control field 20140311163040.0
008 - FIXED-LENGTH DATA ELEMENTS--GENERAL INFORMATION
fixed length control field 111117s19uu xx 00 eng d
020 ## - INTERNATIONAL STANDARD BOOK NUMBER
International Standard Book Number 9780789738356
050 ## - LIBRARY OF CONGRESS CALL NUMBER
Classification number T385 .J6443 2009
100 ## - MAIN ENTRY--PERSONAL NAME
Personal name Johnson, Steve
245 ## - TITLE STATEMENT
Title Adobe Photoshop CS4 on demand /
Statement of responsibility, etc Steve Johnson.
260 ## - PUBLICATION, DISTRIBUTION, ETC. (IMPRINT)
Place of publication, distribution, etc Indianapolis, IN :
Name of publisher, distributor, etc Que Publishing,
Date of publication, distribution, etc 2009.
300 ## - PHYSICAL DESCRIPTION
Extent 554 p. :
Other physical details col. ill. ;
Dimensions 24 cm.
521 ## - TARGET AUDIENCE NOTE
Target audience note
650 ## - SUBJECT ADDED ENTRY--TOPICAL TERM
Topical term or geographic name as entry element Adobe photoshop
650 ## - SUBJECT ADDED ENTRY--TOPICAL TERM
Topical term or geographic name as entry element Computer graphics
942 ## - ADDED ENTRY ELEMENTS (KOHA)
Koha item type Books
Source of classification or shelving scheme Library of Congress Classification
Call number prefix Foreign
Holdings
Withdrawn status Lost status Source of classification or shelving scheme Damaged status Home library Current library Shelving location Date acquired Source of acquisition Cost, normal purchase price Total Checkouts Total Renewals Full call number Barcode Date last seen Date checked out Copy number Price effective from Koha item type
    Library of Congress Classification   College Library College Library General Circulation Section 11/17/2011 Donation 590.00 1 1 T 385 .J6443 2009 C14145 05/15/2018 03/06/2015 1 10/18/2013 Books

Adobe Photoshop CS4 on demand /

APA

Johnson S., . (2009). Adobe Photoshop CS4 on demand. Indianapolis, IN: Que Publishing.

Chicago

Johnson Steve, . 2009. Adobe Photoshop CS4 on demand. Indianapolis, IN: Que Publishing.

Harvard

Johnson S., . (2009). Adobe Photoshop CS4 on demand. Indianapolis, IN: Que Publishing.

MLA

Johnson Steve, . Adobe Photoshop CS4 on demand. Indianapolis, IN: Que Publishing. 2009.

  • Place hold
  • Print
  • Cite
  • Add to your cart (remove)
  • Save record
    BIBTEX Dublin Core MARCXML MARC (non-Unicode/MARC-8) MARC (Unicode/UTF-8) MARC (Unicode/UTF-8, Standard) MODS (XML) RIS
  • More searches
    Search for this title in:
    Other Libraries (WorldCat) Other Databases (Google Scholar) Online Stores (Bookfinder.com) Open Library (openlibrary.org)

Exporting to Dublin Core...

SOUTHVILLE LIBRARY

Southville International School and Colleges Library

1281 Tropical Ave. Cor. Luxembourg St., BF Homes International, Las Pinas City

Tel. No. 8256374 / 252358 Loc. 117/146

Powered by Koha